| 000 | 00544nam a2200169Ia 4500 | ||
|---|---|---|---|
| 008 | 090201s9999 xx 000 0 und d | ||
| 010 | _aKPL-44757 | ||
| 040 | _bमराठी | ||
| 041 | _aमराठी | ||
| 082 |
_a32581 _b44757 |
||
| 100 | _aसुहास शिरवळकर | ||
| 245 |
_aकथा पौर्णिमा _cसुहास शिरवळकर |
||
| 260 |
_c2004 _bगुरु पब्लीकेशन |
||
| 300 |
_a217 _bमोठा |
||
| 600 | _aकथा पौर्णिमा | ||
| 942 | _cBOOK | ||
| 999 |
_c230889 _d230889 |
||